logo

Bir Sreshtho Munshi Abdur Rouf Library
Jhenaidah Cadet College

হাজার বছর ধরে / (Record no. 1246)

MARC details
000 -LEADER
fixed length control field 00631nam a2200217 a 4500
001 - CONTROL NUMBER
JCCL Control Number 1246
003 - CONTROL NUMBER IDENTIFIER
JCCL marc code BD-JhCC
005 - DATE AND TIME OF LATEST TRANSACTION
control field 20220512134022.0
008 - FIXED-LENGTH DATA ELEMENTS--GENERAL INFORMATION
fixed length control field 171017s1964 bg |||| ||a| 000 0 ben d
035 ## - SYSTEM CONTROL NUMBER
system control number (BD-JhCC) 1246
040 ## - CATALOGING SOURCE
Original cataloging agency BD-JhCC
Modifying agency BD-JhCC
041 ## - LANGUAGE CODE
Language code of Book ben
082 ## - DEWEY DECIMAL CLASSIFICATION NUMBER
Classification number 891.443
Author mark and Year RAY 1964
100 ## - MAIN ENTRY--PERSONAL NAME
Personal name রায়হান, জহির
245 ## - TITLE STATEMENT
Title হাজার বছর ধরে /
Statement of responsibility, etc জহির রায়হান
260 ## - PUBLICATION, DISTRIBUTION, ETC. (IMPRINT)
Place of publication, distribution, etc ঢাকা:
Name of publisher, distributor, etc সন্ধানী প্রকাশনী,
Date of publication, distribution, etc 1964
300 ## - PHYSICAL DESCRIPTION
Pagination 116 p .:
Dimensions 22 cm .
650 ## - SUBJECT ADDED ENTRY--TOPICAL TERM
Topical term or geographic name as entry element Bengali Novel
942 ## - ADDED ENTRY ELEMENTS (KOHA)
Source of classification or shelving scheme Dewey Decimal Classification
Koha item type Books
Koha issues (borrowed), all copies 7
Holdings
Source of classification or shelving scheme Damaged status Not for loan Home library Current library Shelving location Date of accession Cost, normal purchase price Total Checkouts Full call number Barcode Date last seen Date checked out Copy number Koha item type Source of acquisition Method of acquisition Currency
Dewey Decimal Classification     JCC Rouf Library JCC Rouf Library General Stacks 10/17/2017 3.00 2 891.443 RAY 1964 1865 05/22/2023 05/15/2023 C-1 Books      
Dewey Decimal Classification     JCC Rouf Library JCC Rouf Library General Stacks 11/02/2020 75.00 6 891.443 RAY 1964 16208 10/01/2024 08/20/2024 C-2 Books Lt. Gen. Mahfuzur Rahman (10th intake)    
Dewey Decimal Classification     JCC Rouf Library JCC Rouf Library General Stacks   25.00   891.443 RAI 1984 19235 04/20/2024   C-3 Books With The Compliments Of 7th Intake. Gift/Donation BDT

JCC Library | Contacts | JCC Home

Last Update on 23 September 2017
Copyright @ 2017-2020 JCC Rouf Library
Rouf Library, Jhenidah Cadet College (JCC), Bangladesh